| 000 | 00758nam a2200229 u 4500 | ||
|---|---|---|---|
| 005 | 20241003063713.0 | ||
| 008 | 180416s2013 es r 000 0 spa d | ||
| 020 | _a9788433026287 | ||
| 035 | _aUPN01000224065 | ||
| 049 | _aCG | ||
| 050 | 4 |
_aP90 _bA4.5 |
|
| 100 | 1 |
_aAlemany Briz, Carlos, _d1944- _942042 |
|
| 245 | 1 | 3 |
_aLa comunicación humana : _buna ventana abierta / _cCarlos Alemany Briz ; pról. Luis López-Yarto. |
| 260 |
_aBilbao, Esp. : _bDesclée de Brouwer, _c2013. |
||
| 300 |
_a211 p. : _bcuadros |
||
| 440 | 0 |
_aCrecimiento personal. _pSerendipity ; _v169 |
|
| 650 | 2 |
_aComunicación humana _97472 |
|
| 650 | 4 |
_aComunicación interpersonal _96549 |
|
| 650 | 7 |
_aComunicación _xAspectos sociales _2 _96056 |
|
| 905 | _aLibro | ||
| 999 |
_c196162 _d196162 |
||